Reinforced concrete service life design (Record no. 105396)

MARC details
000 -LEADER
fixed length control field 01102cam a2200277 4500
001 - CONTROL NUMBER
control field ##L133434
008 - FIXED-LENGTH DATA ELEMENTS--GENERAL INFORMATION
fixed length control field 060508n2006 000 0 eng u
020 ## - INTERNATIONAL STANDARD BOOK NUMBER
International Standard Book Number 1860819060
035 ## - SYSTEM CONTROL NUMBER
System control number (Sirsi) u133434
041 0# - LANGUAGE CODE
Language code of text/sound track or separate title eng
050 04 - LIBRARY OF CONGRESS CALL NUMBER
Classification number 693.5 $2 18
100 1# - MAIN ENTRY--PERSONAL NAME
Personal name Nolan, É.
245 00 - TITLE STATEMENT
Title Reinforced concrete service life design
Remainder of title overview
260 ## - PUBLICATION, DISTRIBUTION, ETC.
Place of publication, distribution, etc. Watford
Name of publisher, distributor, etc. BRE
Date of publication, distribution, etc. 2006
300 ## - PHYSICAL DESCRIPTION
Extent 8p.
Other physical details ill.
Dimensions 30cm.
490 #0 - SERIES STATEMENT
Series statement BRE Information Paper
Volume/sequential designation IP 3/06 Part 1
520 ## - SUMMARY, ETC.
Summary, etc. Gives an overview of a service life design system for reinforced concrete structures, which has been designed by BRE. Includes best practice guidance for carrying out a client brief, designing for durability and effective execution and maintenance. This is part one of a three-part information paper (see also L133774 and L133435)
590 ## - LOCAL NOTE (RLIN)
Local note IKA190906
651 #4 - SUBJECT ADDED ENTRY--GEOGRAPHIC NAME
Geographic name United Kingdom
Chronological subdivision
690 ## - LOCAL SUBJECT ADDED ENTRY--TOPICAL TERM (OCLC, RLIN)
Topical term or geographic name as entry element BUILT ENVIRONMENT-BUILDING MATERIALS-CEMENTITIOUS, CONCRETE AND MINERAL BOUND MATERIALS-CONCRETE
700 1# - ADDED ENTRY--PERSONAL NAME
Personal name Quillin, K.
700 1# - ADDED ENTRY--PERSONAL NAME
Personal name Nixon, P.
700 1# - ADDED ENTRY--PERSONAL NAME
Personal name Sergi, G.
700 1# - ADDED ENTRY--PERSONAL NAME
Personal name Somerville, G.
942 ## - ADDED ENTRY ELEMENTS (KOHA)
Suppress in OPAC 0
Holdings
Withdrawn status Lost status Source of classification or shelving scheme Damaged status Not for loan Home library Current library Shelving location Date acquired Total Checkouts Full call number Barcode Date last seen Copy number Price effective from Koha item type
    Dewey Decimal Classification     London London BRE publications 06/09/2006   ENQUIRY DESK 30072969 06/08/2019 1 06/08/2019 Book